Saṃskr̥ta-prakāśa. (Record no. 65492)
[ view plain ]
| 000 -LEADER | |
|---|---|
| fixed length control field | 00663cam a22002531 4500 |
| 001 - CONTROL NUMBER | |
| control field | sa 65008021 |
| 003 - CONTROL NUMBER IDENTIFIER | |
| control field | DLC |
| 005 - DATE AND TIME OF LATEST TRANSACTION | |
| control field | 20260227112153.0 |
| 008 - FIXED-LENGTH DATA ELEMENTS--GENERAL INFORMATION | |
| fixed length control field | 900207s1962 ii 000 0 sano |
| 010 ## - LIBRARY OF CONGRESS CONTROL NUMBER | |
| LC control number | sa 65008021 |
| 035 ## - SYSTEM CONTROL NUMBER | |
| System control number | (OCoLC)21014971 |
| 040 ## - CATALOGING SOURCE | |
| Original cataloging agency | DLC |
| Transcribing agency | WaU |
| Modifying agency | DLC |
| 042 ## - AUTHENTICATION CODE | |
| Authentication code | premarc |
| 050 00 - LIBRARY OF CONGRESS CALL NUMBER | |
| Classification number | PK541 |
| Item number | .D9 |
| 100 1# - MAIN ENTRY--PERSONAL NAME | |
| Personal name | Dwivedi, Kubernath. |
| 245 10 - TITLE STATEMENT | |
| Title | Saṃskr̥ta-prakāśa. |
| 260 ## - PUBLICATION, DISTRIBUTION, ETC. | |
| Date of publication, distribution, etc. | [1962] |
| 300 ## - PHYSICAL DESCRIPTION | |
| Extent | 208 p. |
| Dimensions | 19 cm. |
| 440 #0 - SERIES STATEMENT/ADDED ENTRY--TITLE | |
| Title | Vidyabhawan Sanskrit granthamala, |
| Volume/sequential designation | 85 |
| 500 ## - GENERAL NOTE | |
| General note | Added t. p.: The Sanskrit prakāsa. |
| 500 ## - GENERAL NOTE | |
| General note | In Sanskrit. |
| 650 #0 - SUBJECT ADDED ENTRY--TOPICAL TERM | |
| Topical term or geographic name entry element | Sanskrit language |
| General subdivision | Grammar. |
| 740 0# - ADDED ENTRY--UNCONTROLLED RELATED/ANALYTICAL TITLE | |
| Uncontrolled related/analytical title | Sanskrit prakasa. |
No items available.